Ḳolnoʻa ṿe-ḥofesh ha-ahavah / (Record no. 33886)

MARC details
000 -LEADER
fixed length control field 00945cam a22002291 4500
001 - CONTROL NUMBER
control field he 68003471
003 - CONTROL NUMBER IDENTIFIER
control field DLC
005 - DATE AND TIME OF LATEST TRANSACTION
control field 20260227111505.0
008 - FIXED-LENGTH DATA ELEMENTS--GENERAL INFORMATION
fixed length control field 850117s1968 is 000 0 heb
010 ## - LIBRARY OF CONGRESS CONTROL NUMBER
LC control number he 68003471
035 ## - SYSTEM CONTROL NUMBER
System control number (OCoLC)19208174
040 ## - CATALOGING SOURCE
Original cataloging agency DLC
Transcribing agency MH
Modifying agency DLC
050 00 - LIBRARY OF CONGRESS CALL NUMBER
Classification number PN1995
Item number .M25
100 1# - MAIN ENTRY--PERSONAL NAME
Personal name Malkin, Yaakov,
Dates associated with a name 1926-
245 10 - TITLE STATEMENT
Title Ḳolnoʻa ṿe-ḥofesh ha-ahavah /
Statement of responsibility, etc. Yaʻaḳov Malkin martseh ; Ḳolnoʻah ke-sifrut ba-Milḥamah nistaymah, be-Hiroshimah ahuvati me-et Alan Ranah, Malah Dolche Ṿiṭah, be-Shemoneh ṿa-hetsi me-et Federiḳo Felini.
260 ## - PUBLICATION, DISTRIBUTION, ETC.
Place of publication, distribution, etc. Haifa :
Name of publisher, distributor, etc. [Pan] be-shituf ʻim ha-arkhiyon ha-Yiśreʼeli li-seraṭim
Date of publication, distribution, etc. [1968]
300 ## - PHYSICAL DESCRIPTION
Extent 2, 157 p. :
Other physical details ill. ;
Dimensions 17 cm.
500 ## - GENERAL NOTE
General note Preface also in English.
500 ## - GENERAL NOTE
General note Added t.p.: Yaakov Malkin lectures on films as literature.
650 #0 - SUBJECT ADDED ENTRY--TOPICAL TERM
Topical term or geographic name entry element Motion picture plays
General subdivision History and criticism.
650 #0 - SUBJECT ADDED ENTRY--TOPICAL TERM
Topical term or geographic name entry element Motion pictures
General subdivision Plots, themes, etc.

No items available.

Powered by Koha